000 00742nam a2200241Ia 4500
005 20250508164103.0
008 008 250505s9999 xx 000 0 eng d
020 _a0-13-083201-4
037 _aReference
040 _aFEDL
_beng
_cFEDL
041 _aeng
_2eng
084 _a371.9, COO
_qFEDL
100 _aCook Ruth E.
_9777275
245 0 _aAdapting early childhood curricula for children in inclusive settings
250 _a5
260 _aNew Jersey, USA
_bPrentice Hall
_c2000
300 _axvi,477p.
365 _aUSD
_b45
650 _aSpecial education; Handicapped children - Education
_9776130
700 _a Tessier Annette Klein M. Diane
_9777276
942 _cREF
_h371.9, COO
999 _c1386986
_d1386986